LEADER 01743nam 2200373 n 450 001 996392314503316 005 20200824121830.0 035 $a(CKB)4940000000109174 035 $a(EEBO)2240902390 035 $a(UnM)99864637e 035 $a(UnM)99864637 035 $a(EXLCZ)994940000000109174 100 $a19931201d1660 uy | 101 0 $aeng 135 $aurbn||||a|bb| 200 10$aReasons shewing the necessity of reformation of the publick [brace]1. doctrine, 2. worship, [double brace] 3. rites and ceremonies, 4. church-government, and discipline, reputed to be (but indeed, not) established by law$b[electronic resource] $eHumbly offered to the serious consideration of this present Parliament. By divers ministers of sundry counties in England 210 $aLondon $cPrinted by Ja: Cottrel.$dMDCLX. [1660] 215 $a[4], 63, [1] p 300 $aAttributed to Cornelius Burges. 300 $aThe words "1. doctrine, 2. worship," are enclosed in brackets and the words "3. rites .. church-government," are bracketed together on title page. 300 $aAnnotation on Thomason copy: "Aug:". 300 $aReproduction of the original in the British Library. 330 $aeebo-0018 606 $aChurch polity$vEarly works to 1800 615 0$aChurch polity 700 $aBurges$b Cornelius$f1589?-1665.$01002137 801 0$bCu-RivES 801 1$bCu-RivES 801 2$bCStRLIN 801 2$bWaOLN 906 $aBOOK 912 $a996392314503316 996 $aReasons shewing the necessity of reformation of the publick 1. doctrine, 2. worship, double brace 3. rites and ceremonies, 4. church-government, and discipline, reputed to be (but indeed, not) established by law$92402182 997 $aUNISA LEADER 03063nam 2200613 450 001 9910819707203321 005 20230725033645.0 010 $a3-03813-426-0 035 $a(CKB)2670000000230052 035 $a(EBL)1872476 035 $a(SSID)ssj0000781366 035 $a(PQKBManifestationID)12269566 035 $a(PQKBTitleCode)TC0000781366 035 $a(PQKBWorkID)10807022 035 $a(PQKB)10649570 035 $a(Au-PeEL)EBL1872476 035 $a(CaPaEBR)ebr10828900 035 $a(OCoLC)897640757 035 $a(MiAaPQ)EBC1872476 035 $a(EXLCZ)992670000000230052 100 $a20140131h20102010 uy| 0 101 0 $aeng 135 $aurcnu|||||||| 181 $ctxt 182 $cc 183 $acr 200 10$a12th International Ceramics Congress $eproceedings of the 12th International Ceramics Congress, part of CIMTEC 2010-12th International Ceramics Congress and 5th Forum on New Materials Montecatini Terme, Italy, June 6-11, 2010. Part H, including, Symposium CK - Geopolymers and geocements : low environmental impact ceramic materials /$fedited by Pietro Vincinzini, World Academy of Ceramics and National Research Council, Italy ; co-edited by Cristina Leonelli, University of Modena and Reggio Emilia, Italy 210 1$aStafa-Zuerich :$cTrans Tech Publications Limited on behalf of Techna Group,$d[2010] 210 4$dİ2010 215 $a1 online resource (210 p.) 225 1 $aAdvances in science and technology,$x1661-819X ;$vvolume 69 300 $aDescription based upon print version of record. 311 $a3-908158-52-4 320 $aIncludes bibliographical references and indexes. 327 $asection I. Preparation -- section II. Characterization -- section III. Industrialization & application. 330 $aThe 26 peer-reviewed papers collected here together offer a plenitude of up-to-date information on ""Geopolymers and Geocements: Low Environmentally Impact Ceramic Materials"". The papers are conveniently arranged into PREPARATION, CHARACTERIZATION, INDUSTRIALIZATION & APPLICATION. This special volume has also been published online in the series, ""Advances in Science and Technology"" Vol. 69 via www.scientific.net. Review from Book News Inc.: The Congress is being documented in 10 topical volumes. This eighth volume covers preparation, characterization, industrialization, and application of t 410 0$aAdvances in science and technology (Faenza, Italy) ;$v69. 606 $aCeramics$vCongresses 606 $aCeramic materials$vCongresses 606 $aCeramic engineering$vCongresses 615 0$aCeramics 615 0$aCeramic materials 615 0$aCeramic engineering 676 $a210 701 $aVincinzini$b Pietro$01634351 701 $aEmilia$b Reggio$01634352 712 12$aInternational Meeting on Modern Ceramics Technologies 801 0$bMiAaPQ 801 1$bMiAaPQ 801 2$bMiAaPQ 906 $aBOOK 912 $a9910819707203321 996 $a12th International Ceramics Congress$93974531 997 $aUNINA